000 00893 a2200253 4500
005 20251126160750.0
008 251126b |||||||| |||| 00| 0 eng d
020 _a9789391985745 (hbk)
037 _cTB
040 _aCRL
_cCRL
041 _2eng
_aeng
084 _aR6947x1,1 R5
_qCRL
245 _aRatnavali:
_bprecious garland (Tibetan -English)
260 _aDelhi, India:
_bBuddhist World Press,
_c2025.
300 _axxiii, 242p.
365 _b1500.00
_cINR
650 _aBuddhist Philosophy
_9853072
650 _aPhilosophy
_9853073
650 _aNagarjuna
_9853074
700 _aDas, Sanjib Kumar
_beditor.
_9853075
700 _aDas, Sanjib Kumar
_btranslator.
_9853076
942 _cTB
_2CC
_n0
_hR6947x1,1 R5
999 _c1435353
_d1435353